000 00515cam a2200205ua 4500
001 9616
008 160310n ii |||gr||||Z||||||asm
040 _cMAIN
041 _aasm
082 _a351.54
100 _aGogoi, Purandar,
_eAuthor.
245 1 _aBharatiya prasashan
_cby Purandar Gogoi
250 _a2nd ed.
260 _aDibrugarh:
_bBanalata,
_c2016.
300 _a226p.
653 _aPublic administration
653 _aIndian administration
653 _aPublic administration in India
942 _cBK
999 _c8644
_d8644